000 00637ctm a2200253 4500
001 4407714
003 DO-SdBNP
005 20180206155323.0
007 4407714
008 090108q1979 sp 000 0 spa/
020 _a843860255X
035 _a
040 _aBPMSU
_bspa
_cBPMSU
_e
100 _4Corella, Laura G.
245 0 4 _aLos tres talismanes /
_h
_b
_cLaura G. Corella
250 _a
260 _aBilbao, EspaƱa :
_bMaves,
_c1979
300 _av.
_c23 cm.
510 4 _a
_c
655 7 7 _aTeatro
_2tgfbne
942 _2ddc
_cBK
945 _aInventariado, 2018 / BT
956 _aVMATEO
_210
_320160330
_6BPMSU
_80069
999 _c9424
_d9424